LIBRARY ONLINE CATALOGUE

Our lives today : (Record no. 14006)

MARC details
000 -LEADER
fixed length control field 00644nam a22002052 4500
001 - CONTROL NUMBER
control field 0000005436
005 - DATE AND TIME OF LATEST TRANSACTION
control field 20151217160102.0
008 - FIXED-LENGTH DATA ELEMENTS--GENERAL INFORMATION
fixed length control field 070614s xx 000 0 eng d
040 ## - CATALOGING SOURCE
Original cataloging agency KABU
Transcribing agency KABU
050 #0 - LIBRARY OF CONGRESS CALL NUMBER
Classification number GF724
Item number .K36
100 1# - MAIN ENTRY--PERSONAL NAME
Personal name Kamau, Cephas C.
-- 0000156749
245 10 - TITLE STATEMENT
Title Our lives today :
Remainder of title social studies: pupil's book 4 /
Statement of responsibility, etc. Cephas C. Kamau, Feliciana M. Rutere, Gideon M. Ombongi.
260 ## - PUBLICATION, DISTRIBUTION, ETC. (IMPRINT)
Place of publication, distribution, etc. Oxford :
Name of publisher, distributor, etc. OUP,
Date of publication, distribution, etc. 2005.
300 ## - PHYSICAL DESCRIPTION
Extent 243 p.
700 1# - ADDED ENTRY--PERSONAL NAME
Personal name Rutere, Feliciana M.
-- 0000156750
700 1# - ADDED ENTRY--PERSONAL NAME
Personal name Ombongi, Gideon M.
-- 0000156751
908 ## - PUT COMMAND PARAMETER (RLIN)
Put command parameter 070614
950 ## - LOCAL HOLDINGS (RLIN)
-- 1
Holdings
Withdrawn status Lost status Source of classification or shelving scheme Not for loan Home library Current library Date acquired Total Checkouts Full call number Barcode Date last seen Price effective from Koha item type
    Library of Congress Classification   Kabarak, Main Campus Kabarak, Main Campus 17/12/2015   GF724 .K36 18593 17/12/2015 17/12/2015 Children Collection